Normal view
MARC view
Entry Nome pessoal
001 - NÚMERO DE CONTROLE
- campo de controle: 430
003 - IDENTIFICADOR DO NÚMERO DE CONTROLE
- campo de controle: OSt
005 - DATA E HORÁRIO DA ÚLTIMA TRANSAÇÃO
- campo de controle: 20250204091120.0
008 - CAMPO DE DADOS FIXOS
- campo de controle de tamanho fixo: 250204|| aca||aabn | a|a d
040 ## - FONTE DA CATALOGAÇÃO
- Instituição da catalogação original: OSt
100 ## - CABEÇALHO--NOME PESSOAL
- Nome pessoal: A catedral Cavalcanti
- Função do autor por extenso: Tradutor